=LDR 00000nam 2200000 4500 =001 INLIS000000000044470 =005 20131008105919 =008 ***********************************Eng** =035 ##$$0010-101300000002392 =041 ##$$a Eng =090 ##$$a 423 , Whi w =100 ##$$a Whitman, Doris =245 ##$$a Word Wonder Dictionary , Doris Whitman =850 ##$$a NBPNMAT =990 ##$$a 0001/BPAP-NTB/20142014